| 000 | 00591nam a2200169Ia 4500 | ||
|---|---|---|---|
| 008 | 090711s9999 xx 000 0 und d | ||
| 082 | _b4652 | ||
| 100 | _aदेव कपिल | ||
| 245 | _aमेरी कहानी मेरी जुबानी | ||
| 260 |
_bअलाइड पबिलशर्स लि. _c1987 |
||
| 300 | _a184 | ||
| 600 | _aदेव कपिल | ||
| 630 | _aमेरी कहानी मेरी जुबानी | ||
| 700 | _aदेव कपिल | ||
| 730 | _aमेरी कहानी मेरी जुबानी | ||
| 942 | _cBOOK | ||
| 999 |
_c329100 _d329100 |
||